| 000 | 00682nam a2200229 a 4500 | ||
|---|---|---|---|
| 001 | BRCA_4373 | ||
| 005 | 20190320204639.0 | ||
| 008 | 120809s1958----au-a######---#000-0#ger-# | ||
| 041 | _ager | ||
| 044 | _aau | ||
| 050 | 4 |
_aN1680 _b.K86 2 _c1958 |
|
| 245 | 1 | 0 | _aKatalog der Gemäldegalerie. |
| 260 |
_aViena _bKunsthistorisches Museum _c1958 |
||
| 300 |
_axviii, 149 p. (v.2) _bil., 96 láminas _c21 cm. |
||
| 440 | 0 |
_aFührer durch das Kunsthistorische Museum _v7 _911138 |
|
| 500 | _aB276 | ||
| 505 | 0 | _aContenido: v.2. Vlamen, Holländer, Deutsche, Franzosen | |
| 650 | 1 | 4 |
_aArte _zViena _911139 |
| 650 | 1 | 4 |
_aGalerías y museos _zAustria _97952 |
| 902 | _aGFM | ||
| 942 |
_2lcc _cB |
||
| 999 |
_c4084 _d4084 |
||